| 000 | 00941nam a2200253 a 4500 | ||
|---|---|---|---|
| 008 | |||
| 049 | _aMAIN | ||
| 090 | 0 |
_aQE471.3 _bINF |
|
| 111 | 2 | _aInternational Clay Conference. | |
| 245 | 0 | 0 |
_aInternational Clay Conference, 1963 : _bproceedings of the conference held at Stockholm, Sweden, August 12-16,1963 / _cArranged by CIPEA,Sponsored by IUGS ; edited by I TH. Rosenqvist, P. Graff-Petersen. |
| 260 |
_aOxford : _bPergamon press, _c1963. |
||
| 300 |
_ax, 443 p. : _bill. ; _c25 cm. |
||
| 440 |
_aInternational series of monographs on Earth Sciences; _v21. |
||
| 504 | _aIncludes bibliographical references. | ||
| 500 | _aIncludes index. | ||
| 650 | 0 |
_aClay minerals _xCongresses. |
|
| 700 | 1 | _aRosenqvist, I.TH. | |
| 700 | 1 | _aGraff-Petersen, P. | |
| 907 |
_a.b10122886 _b25-04-13 _c21-05-04 |
||
| 003 | |||
| 005 | 20230123133720.0 | ||
| 040 | _cNUST | ||
| 942 |
_cBOOKS _kQE471.3 _mINF |
||
| 999 |
_c153379 _d153379 |
||